[Event "6. Torneo Aficionados Bali - Sub-2000"]
[Site "Benidorm ESP"]
[Date "2007.12.04"]
[Round "5.21"]
[White "Gil Garcia, Robert"]
[Black "Rico Sanchez, Julio"]
[Result "0-1"]
[WhiteElo "1848"]
[BlackElo "1960"]
[PlyCount "51"]
[EventDate "2007.11.30"]
[EventType "swiss"]
[EventRounds "9"]
[EventCountry "ESP"]
[Source "lmi"]
[SourceDate "2007.11.30"]

1. e4 d5 2. exd5 Nf6 3. Bb5+ Bd7 4. Bc4 Bg4 5. f3 Bf5 6. Nc3 c6 7. dxc6 Nxc6 8.
Nge2 Qb6 9. d3 O-O-O 10. g4 Bg6 11. g5 Ne5 12. Nf4 Nxc4 13. Nxg6 hxg6 14. Qe2
Nd6 15. gxf6 exf6 16. Qf2 Re8+ 17. Ne2 Qc6 18. Bf4 Qa6 19. Qc5+ Kb8 20. Qd5 Ka8
21. a4 Rh5 22. Qb3 Qc6 23. Rf1 Rh3 24. Bg3 Nf5 25. Qxf7 Nd4 26. Kf2 0-1

[Event "6. Torneo Aficionados Bali - Sub-2000"]
[Site "Benidorm ESP"]
[Date "2007.12.04"]
[Round "5.22"]
[White "Teran Pereda, Luis"]
[Black "Picazo Gonzalez, Alejandro"]
[Result "0-1"]
[WhiteElo "1820"]
[BlackElo "1958"]
[PlyCount "120"]
[EventDate "2007.11.30"]
[EventType "swiss"]
[EventRounds "9"]
[EventCountry "ESP"]
[Source "lmi"]
[SourceDate "2007.11.30"]

1. d4 d5 2. Nf3 e6 3. c4 Nf6 4. Nc3 Be7 5. Bg5 h6 6. Bh4 O-O 7. e3 b6 8. cxd5
Nxd5 9. Bxe7 Qxe7 10. Nxd5 exd5 11. Bd3 Be6 12. O-O Nd7 13. Rc1 c5 14. b3 Qf6
15. Bb5 cxd4 16. Bxd7 Bxd7 17. Nxd4 Rac8 18. Qf3 Qe5 19. Qg3 Qxg3 20. hxg3 Rc5
21. Rc2 Rfc8 22. Rfc1 Kf8 23. f3 Ke7 24. Kf2 Kd6 25. Ke1 Rxc2 26. Rxc2 Rxc2 27.
Nxc2 Kc5 28. Kd2 a5 29. Kc3 g6 30. a3 Bb5 31. b4+ axb4+ 32. axb4+ Kd6 33. Kd4
Bf1 34. Ne1 h5 35. f4 f6 36. e4 dxe4 37. Kxe4 Bc4 38. Kd4 Ba2 39. Nc2 Kc6 40.
Ne3 Kb5 41. Kc3 Be6 42. Nc2 Ka4 43. Ne3 Kb5 44. Nc2 Bd5 45. Ne3 Bb7 46. Kb3 Be4
47. Kc3 g5 48. Kd4 Bc6 49. Kc3 Bb7 50. Kb3 Be4 51. Kc3 h4 52. gxh4 gxh4 53. Ng4
f5 54. Nh2 Bxg2 55. Kb3 h3 56. Kc3 Ka4 57. Kc4 b5+ 58. Kc5 Be4 59. Nf1 Bd3 60.
Nh2 Be2 0-1

[Event "6. Torneo Aficionados Bali - Sub-2000"]
[Site "Benidorm ESP"]
[Date "2007.12.04"]
[Round "5.31"]
[White "Lameti, Mohamed"]
[Black "Loerke, Reinhard"]
[Result "0-1"]
[WhiteElo "1931"]
[BlackElo "1995"]
[PlyCount "82"]
[EventDate "2007.11.30"]
[EventType "swiss"]
[EventRounds "9"]
[EventCountry "ESP"]
[Source "lmi"]
[SourceDate "2007.11.30"]

1. d4 b6 2. Nf3 Bb7 3. g3 Nf6 4. Bg2 e6 5. O-O Be7 6. c4 O-O 7. Nc3 Na6 8. a3
c5 9. dxc5 Nxc5 10. b4 Nce4 11. Nxe4 Bxe4 12. Bb2 d6 13. Rc1 Rc8 14. Qd2 Rc7
15. Rfd1 Qc8 16. Qe3 Bxf3 17. Bxf3 Rxc4 18. Rxc4 Qxc4 19. Rc1 Qa6 20. Qc3 d5
21. e3 Ne8 22. Qc8 Qxc8 23. Rxc8 Bf6 24. Bc1 Nd6 25. Rc7 Rc8 26. Rxc8+ Nxc8 27.
e4 d4 28. Be2 Nd6 29. Bd3 b5 30. g4 h6 31. Kg2 Kf8 32. Kg3 Bd8 33. f4 f6 34.
Kf3 e5 35. Ke2 Nc4 36. h3 Ke7 37. Kd1 a6 38. a4 exf4 39. axb5 axb5 40. Kc2 g5
41. Kb3 Nd6 0-1

[Event "6. Torneo Aficionados Bali - Sub-2000"]
[Site "Benidorm ESP"]
[Date "2007.12.04"]
[Round "5.34"]
[White "Garcia Domingo, Jose Antonio"]
[Black "Redondo Varela, Celestino"]
[Result "1-0"]
[WhiteElo "1987"]
[BlackElo "1903"]
[PlyCount "113"]
[EventDate "2007.11.30"]
[EventType "swiss"]
[EventRounds "9"]
[EventCountry "ESP"]
[Source "lmi"]
[SourceDate "2007.11.30"]

1. d4 e6 2. e4 d5 3. Nc3 Nf6 4. exd5 exd5 5. Bd3 Nc6 6. Nge2 Bg4 7. Be3 a6 8.
a3 Bd6 9. O-O O-O 10. Bg5 Be7 11. Qd2 Bxe2 12. Bxe2 Nd7 13. Bf4 Nb6 14. Bd3 Bf6
15. Be3 g6 16. Ne2 Re8 17. c3 Na5 18. Bf4 Nb3 19. Qc2 Nxa1 20. Rxa1 c6 21. g3
Bg5 22. h4 Bxf4 23. Nxf4 Qf6 24. h5 Nd7 25. Kg2 Nf8 26. hxg6 fxg6 27. Rh1 Kg7
28. Qd2 Kf7 29. c4 Rad8 30. c5 Rd7 31. Rh6 Qg5 32. Rh4 Kg8 33. Qc2 Rg7 34. Rh1
Ne6 35. Ne2 Qf6 36. f4 Rf8 37. Qc3 g5 38. f5 Nd8 39. g4 Re8 40. Ng1 Re3 41. Nf3
Ne6 42. Kf2 Rxf3+ 43. Kxf3 Nf4 44. b4 Re7 45. a4 Ne6 46. Kg2 Qxd4 47. Qxd4 Nxd4
48. Rh5 Kg7 49. Rxg5+ Kf6 50. Rh5 Rg7 51. Kg3 Nb3 52. Kf4 Nd2 53. g5+ Kf7 54.
f6 Rg8 55. Rxh7+ Kf8 56. Rxb7 Nc4 57. g6 1-0

[Event "6. Torneo Aficionados Bali - Sub-2000"]
[Site "Benidorm ESP"]
[Date "2007.12.04"]
[Round "5.35"]
[White "Mercadal Melia, Dante"]
[Black "Clanchet Olle, Josep"]
[Result "1-0"]
[WhiteElo "1986"]
[BlackElo "1866"]
[PlyCount "54"]
[EventDate "2007.11.30"]
[EventType "swiss"]
[EventRounds "9"]
[EventCountry "ESP"]
[Source "lmi"]
[SourceDate "2007.11.30"]

1. e4 e5 2. Nf3 Nc6 3. d4 exd4 4. c3 d5 5. exd5 Qxd5 6. cxd4 Nf6 7. Nc3 Bb4 8.
a3 Bxc3+ 9. bxc3 O-O 10. Be2 Re8 11. O-O Bf5 12. Bf4 Qe4 13. Be3 Ng4 14. Bb5
Nxe3 15. fxe3 Qxe3+ 16. Kh1 Qxc3 17. Rc1 Qa5 18. Bxc6 bxc6 19. Ne5 Bg6 20. Rxc6
Rad8 21. Rc5 Qxa3 22. Qg4 Qe3 23. Nc6 Rd6 24. Re5 f5 25. Rxe3 fxg4 26. Rxe8+
Bxe8 27. Ne7+ Kh8 1-0

[Event "6. Torneo Aficionados Bali - Sub-2000"]
[Site "Benidorm ESP"]
[Date "2007.12.04"]
[Round "5.36"]
[White "Meruvia, Juan"]
[Black "Voet, Dirk"]
[Result "1-0"]
[WhiteElo "1983"]
[BlackElo "1891"]
[PlyCount "34"]
[EventDate "2007.11.30"]
[EventType "swiss"]
[EventRounds "9"]
[EventCountry "ESP"]
[Source "lmi"]
[SourceDate "2007.11.30"]

1. e4 g6 2. d4 Bg7 3. Nc3 d6 4. Be2 Nc6 5. d5 Nd4 6. Be3 c5 7. dxc6 Nxc6 8. Qd2
a6 9. Nd5 Kf8 10. Bb6 Qd7 11. Be3 Rb8 12. Nb6 Qe6 13. Nf3 Qxe4 14. Bd3 Qg4 15.
O-O Nf6 16. h3 Qh5 17. Nxc8 Rxc8 1-0

[Event "6. Torneo Aficionados Bali - Sub-2000"]
[Site "Benidorm ESP"]
[Date "2007.12.04"]
[Round "5.38"]
[White "Moreno Cervera, Jose Luis"]
[Black "Gutierrez Valero, Mario"]
[Result "1/2-1/2"]
[WhiteElo "1977"]
[BlackElo "1816"]
[PlyCount "58"]
[EventDate "2007.11.30"]
[EventType "swiss"]
[EventRounds "9"]
[EventCountry "ESP"]
[Source "lmi"]
[SourceDate "2007.11.30"]

1. d4 Nf6 2. Bf4 g6 3. e3 Bg7 4. Nf3 O-O 5. Be2 d6 6. O-O Nh5 7. Bg5 h6 8. Bh4
g5 9. Nfd2 Nf6 10. Bg3 Nc6 11. c4 e5 12. d5 Ne7 13. Nc3 Nf5 14. Nde4 Nxe4 15.
Nxe4 Nxg3 16. Nxg3 f5 17. e4 f4 18. Nh5 Rf7 19. Nxg7 Rxg7 20. Bg4 Bxg4 21. Qxg4
Qf6 22. Rfc1 Qg6 23. Qe2 g4 24. Rc3 f3 25. Qe3 Rf8 26. Re1 h5 27. g3 h4 28. Rc2
hxg3 29. fxg3 Rgf7 1/2-1/2

[Event "6. Torneo Aficionados Bali - Sub-2000"]
[Site "Benidorm ESP"]
[Date "2007.12.04"]
[Round "5.44"]
[White "Velasco Gomez, Esperanza"]
[Black "Gomez Lopez, Pedro"]
[Result "0-1"]
[WhiteElo "1881"]
[BlackElo "1964"]
[PlyCount "52"]
[EventDate "2007.11.30"]
[EventType "swiss"]
[EventRounds "9"]
[EventCountry "ESP"]
[Source "lmi"]
[SourceDate "2007.11.30"]

1. e4 e6 2. d4 d5 3. e5 c5 4. c3 Nc6 5. Nf3 Nge7 6. Bd3 cxd4 7. cxd4 Nf5 8.
Bxf5 exf5 9. O-O Be7 10. Nc3 Be6 11. Ne1 O-O 12. f4 Rc8 13. a3 Nxd4 14. Be3 Nc6
15. Nc2 d4 16. Nxd4 Bc5 17. Nc2 Bxe3+ 18. Nxe3 Qb6 19. Qe2 Bc4 20. Qf2 Bxf1 21.
Rxf1 Rfd8 22. h3 Ne7 23. Kh2 Rd3 24. Rd1 Qxe3 25. Qh4 Rcxc3 26. bxc3 Rxd1 0-1

[Event "6. Torneo Aficionados Bali - Sub-2000"]
[Site "Benidorm ESP"]
[Date "2007.12.05"]
[Round "6.2"]
[White "Ruiz Ureta, Ernesto"]
[Black "Perez Ferris, Miguel"]
[Result "1/2-1/2"]
[WhiteElo "1995"]
[BlackElo "1935"]
[PlyCount "47"]
[EventDate "2007.11.30"]
[EventType "swiss"]
[EventRounds "9"]
[EventCountry "ESP"]
[Source "lmi"]
[SourceDate "2007.11.30"]

1. e4 c6 2. Nf3 d5 3. exd5 cxd5 4. d4 Nf6 5. Bd3 e6 6. O-O Bd6 7. Bg5 O-O 8.
Ne5 h6 9. Bh4 Be7 10. Nd2 Nbd7 11. Ndf3 Nxe5 12. Nxe5 Nd7 13. Bxe7 Qxe7 14. f4
Nxe5 15. fxe5 Bd7 16. c3 f5 17. exf6 Rxf6 18. Rxf6 Qxf6 19. Qh5 Rf8 20. Rf1 Qe7
21. Rxf8+ Kxf8 22. Qe5 Qg5 23. Qxg5 hxg5 24. Kf2 1/2-1/2

[Event "6. Torneo Aficionados Bali - Sub-2000"]
[Site "Benidorm ESP"]
[Date "2007.12.05"]
[Round "6.4"]
[White "Munuera Sanchez, Jorge"]
[Black "Barranco Cara, Francisco Javier"]
[Result "0-1"]
[WhiteElo "1969"]
[BlackElo "1915"]
[PlyCount "36"]
[EventDate "2007.11.30"]
[EventType "swiss"]
[EventRounds "9"]
[EventCountry "ESP"]
[Source "lmi"]
[SourceDate "2007.11.30"]

1. e4 c5 2. Nc3 d6 3. f4 Nc6 4. Nf3 g6 5. Bb5 Bd7 6. d3 Bg7 7. O-O Nf6 8. Bd2
O-O 9. Bxc6 Bxc6 10. f5 Qd7 11. Qe1 e6 12. Qh4 exf5 13. Bg5 fxe4 14. dxe4 Ng4
15. Rad1 f5 16. exf5 Qxf5 17. Be7 Rf7 18. Ng5 Bd4+ 0-1

[Event "6. Torneo Aficionados Bali - Sub-2000"]
[Site "Benidorm ESP"]
[Date "2007.12.05"]
[Round "6.5"]
[White "Marcos Robles, Juan Antonio"]
[Black "Stamenov, Valeri"]
[Result "1/2-1/2"]
[WhiteElo "1850"]
[BlackElo "1965"]
[PlyCount "85"]
[EventDate "2007.11.30"]
[EventType "swiss"]
[EventRounds "9"]
[EventCountry "ESP"]
[Source "lmi"]
[SourceDate "2007.11.30"]

1. e4 e5 2. Nf3 Nc6 3. Bb5 a6 4. Ba4 Nf6 5. O-O Be7 6. Re1 b5 7. Bb3 d6 8. c3
O-O 9. h3 Na5 10. Bc2 c5 11. d4 Qc7 12. Nbd2 cxd4 13. cxd4 Nc6 14. dxe5 dxe5
15. Nf1 Re8 16. Bd2 Nb4 17. Ne3 Be6 18. a3 Nxc2 19. Qxc2 Qxc2 20. Nxc2 Nd7 21.
Nb4 Bxb4 22. Bxb4 f6 23. Rac1 Rec8 24. Rc3 Rxc3 25. Bxc3 Nc5 26. b4 Na4 27. Bd2
Nb6 28. Bc1 Rd8 29. Nd2 Kf7 30. f3 Ke7 31. Kf2 Bc4 32. Re3 Rc8 33. Rc3 Kd7 34.
Ke3 Rc6 35. Kf2 Na4 36. Rc2 Be6 37. Rxc6 Kxc6 38. Ke3 g6 39. h4 Nb6 40. g3 Ba2
41. f4 exf4+ 42. gxf4 Nd7 43. Bb2 1/2-1/2

[Event "6. Torneo Aficionados Bali - Sub-2000"]
[Site "Benidorm ESP"]
[Date "2007.12.05"]
[Round "6.15"]
[White "Gomez Peco, David"]
[Black "Gutierrez Lanzarote, Alfonso"]
[Result "1-0"]
[WhiteElo "1961"]
[BlackElo "1982"]
[PlyCount "39"]
[EventDate "2007.11.30"]
[EventType "swiss"]
[EventRounds "9"]
[EventCountry "ESP"]
[Source "lmi"]
[SourceDate "2007.11.30"]

1. e4 g6 2. d4 Bg7 3. Nc3 d6 4. Be3 Nf6 5. f3 O-O 6. Qd2 Nc6 7. O-O-O a6 8. Bh6
b5 9. h4 Kh8 10. h5 Bxh6 11. Qxh6 Ng8 12. Qe3 e6 13. e5 Qe7 14. Bd3 Nb4 15.
hxg6 Nxd3+ 16. Qxd3 Qg5+ 17. Kb1 fxg6 18. Nh3 Qf5 19. Qe3 Kg7 20. g4 1-0

[Event "6. Torneo Aficionados Bali - Sub-2000"]
[Site "Benidorm ESP"]
[Date "2007.12.05"]
[Round "6.17"]
[White "Jordan Martinez, Miguel"]
[Black "Gomez Latorre, J."]
[Result "1-0"]
[WhiteElo "1941"]
[BlackElo "1996"]
[PlyCount "77"]
[EventDate "2007.11.30"]
[EventType "swiss"]
[EventRounds "9"]
[EventCountry "ESP"]
[Source "lmi"]
[SourceDate "2007.11.30"]

1. e4 e6 2. d4 d5 3. Nd2 c5 4. dxc5 Bxc5 5. exd5 Qxd5 6. Ngf3 Nc6 7. Bc4 Qh5 8.
Ne4 Be7 9. Be3 Qg4 10. Ned2 Nf6 11. Qe2 O-O 12. O-O-O a6 13. h3 Qf5 14. Nb3 Na5
15. Nfd4 Qe5 16. Nxa5 Qxa5 17. Qf3 Qc7 18. Bb3 Bd7 19. Bf4 Qc5 20. Rhe1 Rac8
21. Re5 Qa7 22. Nf5 exf5 23. Rxe7 Bc6 24. Qg3 Nh5 25. Qg5 Nxf4 26. Qxf4 g6 27.
g4 Be4 28. Rdd7 Bxc2 29. Bxc2 Qc5 30. Qd2 fxg4 31. hxg4 Qc4 32. Kb1 Qxg4 33. a3
Rc6 34. Bb3 Rf6 35. Ka2 Qf5 36. Rd8 Rxd8 37. Qxd8+ Kg7 38. Qd4 Qxf2 39. Rxf7+
1-0

[Event "6. Torneo Aficionados Bali - Sub-2000"]
[Site "Benidorm ESP"]
[Date "2007.12.05"]
[Round "6.22"]
[White "Benito Alba, Eladio"]
[Black "Mercadal Melia, Dante"]
[Result "1/2-1/2"]
[WhiteElo "1873"]
[BlackElo "1986"]
[PlyCount "31"]
[EventDate "2007.11.30"]
[EventType "swiss"]
[EventRounds "9"]
[EventCountry "ESP"]
[Source "lmi"]
[SourceDate "2007.11.30"]

1. d4 Nf6 2. Nf3 d5 3. c4 e6 4. g3 c6 5. Bg2 g6 6. O-O Bg7 7. Nc3 O-O 8. Qc2 a6
9. b3 b5 10. Bg5 Nbd7 11. e4 h6 12. Bxf6 Nxf6 13. cxd5 cxd5 14. exd5 Nxd5 15.
Nxd5 exd5 16. Rac1 1/2-1/2

[Event "6. Torneo Aficionados Bali - Sub-2000"]
[Site "Benidorm ESP"]
[Date "2007.12.05"]
[Round "6.26"]
[White "Baldwin Del Castillo, Ricardo"]
[Black "Martin Manzano, Antonio"]
[Result "1/2-1/2"]
[WhiteElo "1965"]
[BlackElo "1971"]
[PlyCount "41"]
[EventDate "2007.11.30"]
[EventType "swiss"]
[EventRounds "9"]
[EventCountry "ESP"]
[Source "lmi"]
[SourceDate "2007.11.30"]

1. c4 e5 2. Nc3 Nc6 3. g3 Bc5 4. Bg2 d6 5. e3 Nf6 6. Nge2 Bg4 7. O-O Qd7 8. Re1
O-O 9. a3 a5 10. Nd5 Nxd5 11. cxd5 Ne7 12. Qb3 a4 13. Qc3 f5 14. d4 exd4 15.
Nxd4 Bxd4 16. Qxd4 Ng6 17. h3 Bh5 18. f4 c5 19. dxc6 bxc6 20. Bd2 Rfc8 21. Rac1
1/2-1/2

[Event "6. Torneo Aficionados Bali - Sub-2000"]
[Site "Benidorm ESP"]
[Date "2007.12.05"]
[Round "6.27"]
[White "Gomez Lopez, Pedro"]
[Black "Carcel Valero, Juan Antonio"]
[Result "0-1"]
[WhiteElo "1964"]
[BlackElo "1859"]
[PlyCount "46"]
[EventDate "2007.11.30"]
[EventType "swiss"]
[EventRounds "9"]
[EventCountry "ESP"]
[Source "lmi"]
[SourceDate "2007.11.30"]

1. e4 e5 2. d4 exd4 3. c3 dxc3 4. Bc4 d6 5. Nxc3 Nd7 6. Nf3 Ngf6 7. Qb3 Qe7 8.
O-O Nc5 9. Qd1 Be6 10. Nd5 Qd8 11. Ng5 Be7 12. b4 Ncxe4 13. Nxe6 fxe6 14. Nxe7
Qxe7 15. Re1 d5 16. Bb3 O-O 17. Qd4 Qf7 18. f3 Nd6 19. Bg5 a5 20. bxa5 Rxa5 21.
Qd2 Raa8 22. Bxf6 Qxf6 23. Rxe6 Qxa1+ 0-1

[Event "6. Torneo Aficionados Bali - Sub-2000"]
[Site "Benidorm ESP"]
[Date "2007.12.05"]
[Round "6.32"]
[White "Grade, Jose Fernando"]
[Black "Gil Quilez, Sonia"]
[Result "1/2-1/2"]
[WhiteElo "1853"]
[BlackElo "1993"]
[PlyCount "35"]
[EventDate "2007.11.30"]
[EventType "swiss"]
[EventRounds "9"]
[EventCountry "ESP"]
[Source "lmi"]
[SourceDate "2007.11.30"]

1. c4 c6 2. Nf3 d5 3. cxd5 cxd5 4. d4 Nc6 5. Nc3 Nf6 6. g3 e6 7. Bg2 Bd6 8. O-O
a6 9. Re1 O-O 10. a3 b5 11. Bg5 h6 12. Bxf6 Qxf6 13. e4 dxe4 14. Nxe4 Qd8 15.
Rc1 Ne7 16. Ne5 Rb8 17. Nc5 Rb6 18. Qc2 1/2-1/2

[Event "6. Torneo Aficionados Bali - Sub-2000"]
[Site "Benidorm ESP"]
[Date "2007.12.05"]
[Round "6.33"]
[White "Rodriguez Ferrer, Pablo"]
[Black "Gil Garcia, Robert"]
[Result "1-0"]
[WhiteElo "1985"]
[BlackElo "1848"]
[PlyCount "63"]
[EventDate "2007.11.30"]
[EventType "swiss"]
[EventRounds "9"]
[EventCountry "ESP"]
[Source "lmi"]
[SourceDate "2007.11.30"]

1. e4 c5 2. Nc3 Nc6 3. g3 g6 4. Bg2 Bg7 5. d3 d6 6. f4 f5 7. Nf3 fxe4 8. dxe4
Bg4 9. h3 Bxf3 10. Bxf3 Nf6 11. Be3 Qb6 12. Qd2 Nd4 13. Bxd4 cxd4 14. Ne2 e5
15. c3 d5 16. fxe5 Nxe4 17. Bxe4 dxe4 18. cxd4 O-O 19. O-O-O Rf3 20. Rhf1 Rc8+
21. Kb1 Rd3 22. Qf4 Rf8 23. Qxe4 Rxf1 24. Rxf1 Rd2 25. b3 Rxe2 26. Qxe2 Qxd4
27. Qc4+ Qxc4 28. bxc4 Bxe5 29. g4 a5 30. Kc2 b6 31. Kb3 Bd4 32. Ka4 1-0

[Event "6. Torneo Aficionados Bali - Sub-2000"]
[Site "Benidorm ESP"]
[Date "2007.12.05"]
[Round "6.37"]
[White "Rasskin Friederichs, Ivan"]
[Black "Rocher Munoz, Jordi"]
[Result "1-0"]
[WhiteElo "1781"]
[BlackElo "1973"]
[PlyCount "58"]
[EventDate "2007.11.30"]
[EventType "swiss"]
[EventRounds "9"]
[EventCountry "ESP"]
[Source "lmi"]
[SourceDate "2007.11.30"]

1. e4 d5 2. exd5 Qxd5 3. Nc3 Qa5 4. d4 Nf6 5. Nf3 Bg4 6. Be2 Nbd7 7. O-O c6 8.
Bf4 e6 9. a3 Be7 10. Ne5 Bxe2 11. Qxe2 Qb6 12. Nxd7 Nxd7 13. Qd3 O-O 14. Ne4
Rad8 15. c3 c5 16. Qg3 cxd4 17. Bh6 g6 18. Bxf8 Bxf8 19. cxd4 Qxd4 20. Rfd1
Qxe4 21. Qc7 Ra8 22. Rxd7 Qf5 23. Qxb7 Re8 24. Qxa7 Rc8 25. Qd4 e5 26. Qd3 e4
27. Qd5 Qf6 28. Qd4 Qh4 29. Rxf7 Bc5 1-0

[Event "6. Torneo Aficionados Bali - Sub-2000"]
[Site "Benidorm ESP"]
[Date "2007.12.05"]
[Round "6.42"]
[White "Kuenitz, Klaus"]
[Black "Curado, Manuel Joao Ferro"]
[Result "1-0"]
[WhiteElo "1695"]
[BlackElo "1943"]
[PlyCount "57"]
[EventDate "2007.11.30"]
[EventType "swiss"]
[EventRounds "9"]
[EventCountry "ESP"]
[Source "lmi"]
[SourceDate "2007.11.30"]

1. d4 d5 2. Nf3 Nf6 3. c4 c6 4. cxd5 cxd5 5. Nc3 e6 6. Bf4 a6 7. e3 Bd6 8. Bxd6
Qxd6 9. Bd3 Nbd7 10. O-O O-O 11. Rc1 b6 12. Qb3 Bb7 13. Ne5 Nxe5 14. dxe5 Qxe5
15. Qxb6 Rfb8 16. Na4 a5 17. Qc7 Qxc7 18. Rxc7 Ne8 19. Rc3 Rc8 20. Rfc1 Rxc3
21. Rxc3 Rd8 22. Rc5 e5 23. Rxa5 e4 24. Be2 d4 25. exd4 Rxd4 26. Nc3 g6 27. Ra4
Rd2 28. Rb4 Nd6 29. Kf1 1-0

[Event "6. Torneo Aficionados Bali - Sub-2000"]
[Site "Benidorm ESP"]
[Date "2007.12.05"]
[Round "6.53"]
[White "Velasco Gomez, Esperanza"]
[Black "Munoz Bornao, Miguel Angel"]
[Result "1/2-1/2"]
[WhiteElo "1881"]
[BlackElo "1991"]
[PlyCount "45"]
[EventDate "2007.11.30"]
[EventType "swiss"]
[EventRounds "9"]
[EventCountry "ESP"]
[Source "lmi"]
[SourceDate "2007.11.30"]

1. e4 c5 2. Nf3 e6 3. d4 cxd4 4. Nxd4 Nf6 5. Bd3 a6 6. c4 Be7 7. O-O d6 8. Be3
O-O 9. Nc3 Nbd7 10. Rc1 b6 11. Nce2 Bb7 12. Ng3 Rc8 13. f4 Qc7 14. Bb1 Rfd8 15.
Qe2 Nc5 16. Bf2 Ncd7 17. Rfe1 e5 18. Ndf5 Bf8 19. fxe5 dxe5 20. Ne3 g6 21. Nd5
Bxd5 22. exd5 Nxd5 23. cxd5 1/2-1/2

[Event "6. Torneo Aficionados Bali - Sub-2000"]
[Site "Benidorm ESP"]
[Date "2007.12.05"]
[Round "6.55"]
[White "Clanchet Olle, Josep"]
[Black "Nieto Jimenez, Beatriz"]
[Result "0-1"]
[WhiteElo "1866"]
[BlackElo "1989"]
[PlyCount "52"]
[EventDate "2007.11.30"]
[EventType "swiss"]
[EventRounds "9"]
[EventCountry "ESP"]
[Source "lmi"]
[SourceDate "2007.11.30"]

1. e4 e6 2. d4 d5 3. Nc3 Nf6 4. e5 Nfd7 5. f4 c5 6. Nf3 Nc6 7. Bb5 Qb6 8. Bxc6
bxc6 9. O-O Ba6 10. Re1 cxd4 11. Nxd4 c5 12. Nf3 Be7 13. Kh1 Rb8 14. Rb1 O-O
15. Bd2 Qc6 16. Ng5 h6 17. Nf3 Nb6 18. b3 Rfd8 19. a4 d4 20. Ne4 Nd5 21. g4 Ne3
22. Bxe3 dxe3 23. Nd6 Bxd6 24. Rxe3 Bxe5 25. Qe1 Bxf4 26. Rc3 Bd2 0-1

[Event "6. Torneo Aficionados Bali - Sub-2000"]
[Site "Benidorm ESP"]
[Date "2007.12.06"]
[Round "7.2"]
[White "Vazquez Rodriguez, Jorge"]
[Black "Ruiz Ureta, Ernesto"]
[Result "1-0"]
[WhiteElo "1904"]
[BlackElo "1995"]
[PlyCount "109"]
[EventDate "2007.11.30"]
[EventType "swiss"]
[EventRounds "9"]
[EventCountry "ESP"]
[Source "lmi"]
[SourceDate "2007.11.30"]

1. e4 e5 2. d4 exd4 3. c3 dxc3 4. Nxc3 d6 5. Nf3 Nc6 6. Bc4 Be6 7. Bxe6 fxe6 8.
Qb3 Qd7 9. Ng5 Nd4 10. Qxb7 Qc8 11. Qxc8+ Rxc8 12. O-O Be7 13. f4 Nf6 14. Nf3
c5 15. e5 Nxf3+ 16. Rxf3 dxe5 17. fxe5 Ng4 18. Bf4 g5 19. Bg3 h5 20. h3 Nh6 21.
Ne4 Nf5 22. Nd6+ Bxd6 23. exd6 Nxg3 24. Rxg3 Rg8 25. Rd1 Kd7 26. Ra3 Ra8 27.
Ra5 Rgc8 28. b4 g4 29. Rxc5 Rxc5 30. bxc5 Rc8 31. Rc1 g3 32. Rc3 h4 33. Kf1 Kc6
34. Ke2 Rf8 35. Rf3 Rb8 36. Rd3 Kxc5 37. d7 Rd8 38. Kf3 Kc6 39. Kg4 Kc7 40.
Kxh4 e5 41. Kxg3 e4 42. Rd1 Rg8+ 43. Kf4 Kd8 44. g4 Rh8 45. Kxe4 Rxh3 46. Rd2
a5 47. g5 a4 48. g6 Rg3 49. Kf5 a3 50. Kf6 Rf3+ 51. Ke6 Re3+ 52. Kf7 Rf3+ 53.
Kg8 Rg3 54. g7 Rh3 55. Rd6 1-0

[Event "6. Torneo Aficionados Bali - Sub-2000"]
[Site "Benidorm ESP"]
[Date "2007.12.06"]
[Round "7.3"]
[White "Ferrol Muñiz, Miguel"]
[Black "Gomez Peco, David"]
[Result "1-0"]
[WhiteElo "1992"]
[BlackElo "1961"]
[PlyCount "59"]
[EventDate "2007.11.30"]
[EventType "swiss"]
[EventRounds "9"]
[EventCountry "ESP"]
[Source "lmi"]
[SourceDate "2007.11.30"]

1. e4 c5 2. Nf3 e6 3. d4 cxd4 4. Nxd4 a6 5. Nc3 Qc7 6. a3 b5 7. Bd3 Nf6 8. O-O
Bc5 9. Nb3 Be7 10. Be3 Bb7 11. f3 h5 12. Qd2 d6 13. a4 b4 14. Ne2 d5 15. exd5
Nxd5 16. Bf2 h4 17. h3 Nd7 18. Rac1 Rc8 19. c3 Qb8 20. Na5 Ne5 21. Nxb7 Nxd3
22. Qxd3 Qxb7 23. Rfd1 bxc3 24. bxc3 Qc6 25. Bd4 O-O 26. a5 Qc4 27. Qe4 Rb8 28.
Rb1 Rfc8 29. Rxb8 Rxb8 30. Qe5 1-0

[Event "6. Torneo Aficionados Bali - Sub-2000"]
[Site "Benidorm ESP"]
[Date "2007.12.06"]
[Round "7.5"]
[White "Rodriguez Marcos, Jose Ramon"]
[Black "Marcos Robles, Juan Antonio"]
[Result "1-0"]
[WhiteElo "1985"]
[BlackElo "1850"]
[PlyCount "71"]
[EventDate "2007.11.30"]
[EventType "swiss"]
[EventRounds "9"]
[EventCountry "ESP"]
[Source "lmi"]
[SourceDate "2007.11.30"]

1. e4 e5 2. Nf3 Nc6 3. Bb5 a6 4. Ba4 Nf6 5. O-O b5 6. Bb3 Be7 7. Re1 d6 8. c3
Na5 9. Bc2 c5 10. d4 cxd4 11. cxd4 Nc6 12. h3 O-O 13. Be3 Bb7 14. Nc3 h6 15. a3
Re8 16. Ne2 Bf8 17. Ng3 Bc8 18. Rc1 g5 19. Qd2 Kh7 20. Bb3 Qd7 21. dxe5 Nxe5
22. Nxe5 dxe5 23. Qxd7 Bxd7 24. Bxf7 Re7 25. Bb3 Be6 26. Bxe6 Rxe6 27. Rc7+ Kg8
28. Rec1 Rae8 29. f3 h5 30. R1c6 Bd6 31. Ra7 Bb8 32. Raxa6 Kf7 33. Rxe6 Rxe6
34. Ra5 Nd7 35. Rxb5 Rd6 36. Rd5 1-0

[Event "6. Torneo Aficionados Bali - Sub-2000"]
[Site "Benidorm ESP"]
[Date "2007.12.06"]
[Round "7.8"]
[White "Garcia Lopez, Juan Antonio"]
[Black "Jordan Martinez, Miguel"]
[Result "1-0"]
[WhiteElo "1992"]
[BlackElo "1941"]
[PlyCount "76"]
[EventDate "2007.11.30"]
[EventType "swiss"]
[EventRounds "9"]
[EventCountry "ESP"]
[Source "lmi"]
[SourceDate "2007.11.30"]

1. d4 d6 2. e4 g6 3. f4 Bg7 4. Nf3 Nd7 5. Bd3 e5 6. fxe5 dxe5 7. d5 Ne7 8. O-O
O-O 9. Bg5 h6 10. Bh4 g5 11. Be1 a5 12. Nbd2 Ng6 13. Nc4 b6 14. d6 Nc5 15. dxc7
Qxc7 16. Ne3 Be6 17. c4 Nf4 18. Bc2 b5 19. Nd5 Bxd5 20. cxd5 Qd7 21. Bc3 f6 22.
Bxa5 Qa7 23. Be1 Nxe4+ 24. Kh1 Nd6 25. Bb4 Rad8 26. g3 Nh3 27. Kg2 g4 28. Nh4
Nc4 29. Nf5 h5 30. Qd3 Ng5 31. Ne7+ Kh8 32. Rae1 e4 33. Rxe4 Nxe4 34. Qxe4 Ne3+
35. Kh1 f5 36. Ng6+ Kg8 37. Qe6+ Qf7 38. Ne7+ Kh8 1-0